00573cam a2200157ma 450000100100000000500170001000800410002704000250006808200160009310000280010924500580013726000550019530000360025049000660028683000630035200001634620200929164401.0790223s1959 mx a 000 0 spa  aDO-SdBNPbspacBNPHU axxxxbV297a1 aVargas, José María.13aEl arte ecuatoriano. /cFray José Maria Vargas O.P. aPuebla, México :bJ. M. Cajica, Jr. S. A,c1959. a575 p. :bils., retr. ;c22 cm.1 aBiblioteca ecuatoriana mínima.aLa colonia y la república 0aBiblioteca ecuatoriana mínima.pColonia y la república